000
00398nam a22001697a 4500
003
MPLRDC
005
20220104144002.0
008
210129b ||||| |||| 00| 0 eng d
082
_a
415.63022 FQ
100
_a
方群 编著
245
_a
白血病医疗宝监
_c
250
_a
初版
260
_a
_b
不详
_c
1995
300
_b
平
650
_a
白血病(血癌)
942
_c
BK
_o
415.63022 FQ
999
_c
45257
_d
45247